Word Ladder: Sports Brands Quiz Stats

 Plays Quiz Updated Jun 27, 2017

Support Sporcle.
Go Orange.
Score 0/21 Timer 03:00
1 Play Today
Clue 4-Letter Word % Correct
The leftover pieces in orange juice PULP
93.2%
To swallow quickly GULP
92.7%
Pedal-able vehicleBIKE
91.7%
Liver fluidBILE
89.1%
To throw upPUKE
88.9%
A Greek goddess of victory •NIKE•
88.8%
Slang for a nuclear weaponNUKE
88.6%
Pants supporterBELT
88%
An aquatic birdGULL
87.8%
Red root vegetableBEET
87.6%
Another term for cougar•PUMA•
87.2%
Clue 4-Letter Word % Correct
Tire fillerPUMP
83.9%
Another word for drag PULL
83.4%
Form of a lightning strikeBOLT
78.1%
A regionAREA
77.9%
To cry weakly PULE
74.1%
The trunk of a treeBOLE
73.3%
Michaels or Hart, e.g.BRET
71%
A solo song at the operaARIA
70.8%
'La ___ Tar Pits'BREA
68.4%
Alternate form of the Latin for 'bird'•AVIA•
45.9%

Today's Daily Dose

You're not logged in!

Compare scores with friends on all Sporcle quizzes.
OR
Log In
Forgot?

From the Vault

Photographs in Films

by BigAl1994

Now we just have to put some films inside those photographs and we've added another layer.
Remove Ads.
Support Sporcle.
Get the best of Sporcle when you Go Orange. This ad-free experience offers more features, more stats, and more fun while also helping to support Sporcle. Thank you for becoming a member.

Show Comments

Extras

Top Quizzes Today


Score Distribution

Your Account Isn't Verified!

In order to create a playlist on Sporcle, you need to verify the email address you used during registration. Go to your Sporcle Settings to finish the process.

Report this User

Report this user for behavior that violates our Community Guidelines.

Details: